Catalog

Record Details

Catalog Search



Asrils Traum : Roman  Cover Image Book Book

Asrils Traum : Roman / Julian Stryjkowski ; Aus dem Polnischen übersetzt und mit Anmerkungen versehen von Karin Wolff

Record details

  • Physical Description: 160 s. ; 20 cm
  • Edition: 1. vydání
  • Publisher: Berlin : Evangelische Verlagsanstalt, 1981

Available copies

  • 1 of 1 copy available at Common Catalog SPOK.

Holds

  • 0 current holds with 1 total copy.
Show Only Available Copies
Location Call Number / Copy Notes Barcode Shelving Location Status Due Date
The Jewish community of Prague K 1382 4638306886 K - Beletrie Available -

LDR 01923cam a2200457 4500
00157839
003CZ-PrJAB
00520231111181129.0
007tu
008930202s1981 xx ||||| 00| ||ger d
035 . ‡a(DE-627)441432905
035 . ‡a(DE-599)GBV441432905
035 . ‡a(OCoLC)257158648
040 . ‡aDE-627 ‡bger ‡cDE-627 ‡erda
041 . ‡ager
084 . ‡a17.97 ‡2bkl
084 . ‡a18.58 ‡2bkl
1001 . ‡aStryjkowski, Julian, ‡d1905-1996 ‡7xx0002461 ‡4aut
24010. ‡aSen Azrila
24510. ‡aAsrils Traum : ‡bRoman / ‡cJulian Stryjkowski ; Aus dem Polnischen übersetzt und mit Anmerkungen versehen von Karin Wolff
250 . ‡a1. vydání
264 1. ‡aBerlin : ‡bEvangelische Verlagsanstalt, ‡c1981
300 . ‡a160 s. ; ‡c20 cm
336 . ‡atext ‡btxt ‡2rdacontent
337 . ‡abez média ‡bn ‡2rdamedia
338 . ‡asvazek ‡bnc ‡2rdacarrier
6530 . ‡aŽidé ‡aromány
7001 . ‡aWolff, Karin, ‡d1947-2018 ‡7pna20211117407 ‡4oth
910 . ‡aABE461
995 . ‡aska
901 . ‡a57839 ‡bAUTOGEN ‡c57839 ‡tbiblio

Additional Resources